| 000 -LEADER |
| fixed length control field |
00639nam a22001337a 4500 |
| 040 ## - CATALOGING SOURCE |
| Transcribing agency |
rua |
| 082 ## - DEWEY DECIMAL CLASSIFICATION NUMBER |
| Classification number |
AGR SOM 2021 B1-598 Or. |
| 100 ## - MAIN ENTRY--AUTHOR NAME |
| Personal name |
SOM NEANG,សំ នាង |
| 245 ## - TITLE STATEMENT |
| Title |
SEASONAL GROWTH AND YIELD OF TOMATO UNDER FARMER'S FIELD CONDITION,ការលូតលាស់ និងទិន្នផលដំណាំប៉េងប៉ោះទៅតាមរដូវកាលក្នុងលក្ខខណ្ឌស្រែកសិករ. |
| 260 ## - PUBLICATION, DISTRIBUTION, ETC. (IMPRINT) |
| Place of publication |
phnom penh |
| Name of publisher |
rua |
| Year of publication |
2021 |
| 300 ## - PHYSICAL DESCRIPTION |
| Number of Pages |
x.30p. |
| Other physical details |
ill. |
| Dimensions |
29cm. |
| 856 ## - ELECTRONIC LOCATION AND ACCESS |
| Uniform Resource Identifier |
https://drive.google.com/file/d/1fKrr5lCvzK1CgQiDPSS_1yScAJhGf9IU/view?usp=sharing |
| 942 ## - ADDED ENTRY ELEMENTS (KOHA) |
| Koha item type |
AGR |
| 952 ## - LOCATION AND ITEM INFORMATION (KOHA) |
| Withdrawn status [LOCAL, KOHA] |
0 |
| 952 ## - LOCATION AND ITEM INFORMATION (KOHA) |
| Withdrawn status [LOCAL, KOHA] |
0 |
| 952 ## - LOCATION AND ITEM INFORMATION (KOHA) |
| Withdrawn status [LOCAL, KOHA] |
0 |
| 952 ## - LOCATION AND ITEM INFORMATION (KOHA) |
| Withdrawn status [LOCAL, KOHA] |
0 |
| 952 ## - LOCATION AND ITEM INFORMATION (KOHA) |
| Withdrawn status [LOCAL, KOHA] |
0 |